| 000 | 00568nam a2200193Ia 4500 | ||
|---|---|---|---|
| 999 |
_c33973 _d33973 |
||
| 003 | OSt | ||
| 005 | 20200916131833.0 | ||
| 008 | 190216s9999||||xx |||||||||||||| ||und|| | ||
| 020 | _a9788120320475 | ||
| 040 | _coclc | ||
| 082 |
_a621.38152 _bBHA/S |
||
| 100 |
_aBhattacharya, Pallab _94621 |
||
| 245 | 0 |
_aSemiconductor Optoelectronic Devices / _cPallab Bhattacharya |
|
| 250 | _a2nd Ed. | ||
| 260 |
_bPrentice Hall India, _aNew Delhi: _c2004. |
||
| 300 | _a613p | ||
| 650 | _aPhysics | ||
| 942 |
_cBK _2ddc _h621.38152 _iBHA/S _k621.38152 _mBHA/S |
||